Chemical engineering data book (Record no. 36437)

000 -LEADER
fixed length control field 00504nam a22001931 4500
001 - CONTROL NUMBER
control field 36437
003 - CONTROL NUMBER IDENTIFIER
control field BD-DhUET
008 - FIXED-LENGTH DATA ELEMENTS--GENERAL INFORMATION
fixed length control field 871013s1958 enka 000 0 eng u
040 ## - CATALOGING SOURCE
Original cataloging agency DLC
Transcribing agency DLC
Modifying agency BD-DhUET
082 ## - DEWEY DECIMAL CLASSIFICATION NUMBER
Classification number 660.28
Item number ROS/1962
100 ## - MAIN ENTRY--PERSONAL NAME
Personal name Ross, T. K.
245 00 - TITLE STATEMENT
Title Chemical engineering data book
250 ## - EDITION STATEMENT
Edition statement 1st ed.
260 ## - PUBLICATION, DISTRIBUTION, ETC. (IMPRINT)
Place of publication, distribution, etc. London
Name of publisher, distributor, etc. Leonard Hill
Date of publication, distribution, etc. 1962
300 ## - PHYSICAL DESCRIPTION
Extent x,998p.
Other physical details ill.
Dimensions 22 cm.
650 #0 - SUBJECT ADDED ENTRY--TOPICAL TERM
Topical term or geographic name as entry element Chemical engineering-Data processing
700 1# - ADDED ENTRY--PERSONAL NAME
Personal name Freshwater, D. C.
942 ## - ADDED ENTRY ELEMENTS (KOHA)
Koha item type General Book
Holdings
Damaged status Koha normalized classification for sorting Source of classification or shelving scheme Lost status Koha full call number Koha date last seen Piece designation (barcode) Shelving location Koha item type Sublocation or collection (holding branch) Not for loan Copy number Location (home branch) Price effective from Date acquired Withdrawn status
 660_280000000000000_ROS_1962  660.28/ROS/19622016-01-0722468Reference sectionGeneral BookCentral Library, BUET 1Central Library, BUET2016-01-072016-01-07 
 660_280000000000000_ROS_1962  660.28/ROS/19622016-01-0722469Reference sectionGeneral BookCentral Library, BUET 2Central Library, BUET2016-01-072016-01-07 
 660_280000000000000_ROS_1962  660.28/ROS/19622016-01-0722474Reference sectionGeneral BookCentral Library, BUET 3Central Library, BUET2016-01-072016-01-07 
 660_280000000000000_ROS_1962  660.28/ROS/19622016-01-0722473Reference sectionGeneral BookCentral Library, BUET 4Central Library, BUET2016-01-072016-01-07 
 660_280000000000000_ROS_1962  660.28/ROS/19622016-01-0722470Reference sectionGeneral BookCentral Library, BUET 5Central Library, BUET2016-01-072016-01-07 
 660_280000000000000_ROS_1962  660.28/ROS/19622016-01-0722471Reference sectionGeneral BookCentral Library, BUET 6Central Library, BUET2016-01-072016-01-07 
 660_280000000000000_ROS_1962  660.28/ROS/19622016-01-0722475Reference sectionGeneral BookCentral Library, BUET 7Central Library, BUET2016-01-072016-01-07 
 660_280000000000000_ROS_1962  660.28/ROS/19622016-01-0712046Reference sectionGeneral BookCentral Library, BUET 8Central Library, BUET2016-01-072016-01-07